| 000 | 00385nam a22001697a 4500 | ||
|---|---|---|---|
| 003 | CEME | ||
| 005 | 20210628203047.0 | ||
| 008 | 210201b xxu||||| |||| 00| 0 eng d | ||
| 020 | _a401173 | ||
| 040 | _c. | ||
| 082 | _a297.64 FAR | ||
| 100 |
_aFareed Uideen Attar _963097 |
||
| 245 | _aTazkra tul auliya | ||
| 260 |
_aLAHORE _bJAHANGIR _c2000 |
||
| 300 | _a497P | ||
| 942 |
_cBK _2ddc |
||
| 999 |
_c572029 _d572029 |
||